Responses for Show #513 - Wednesday, November 26, 1986

Contestants

[<< previous game]

John Lackner, a teacher originally from Florida

Jim Jonsson, an English professor from Long Beach, California

Sally Mason, a writer from Santa Monica, California (whose 1-day cash winnings total $8,399)

[next game >>]

Jeopardy! Round responses

ART
TIME TRAVELERS
4-LETTER WORDS
ANIMAL RECORDS
ASIA
STUPID ANSWERS
    $100 6
(John: What is a man on a [*]?)
(Alex: The [*] is the important part.)

horse

John
    $100 10
Time Bandits

Sally
    $100 7
a dial tone

Jim
    $100 1
Japan

John
    $100 13
(John: Who is the, uh, man from Price Waterhouse?)

F. Murray Abraham

John
Triple Stumper
    $200 8
(Sally: What is blue?)

brown

SallyJim
    $200 11
Doctor Who

Sally
    $200 19
to pick

Sally
    $200 2
China

Jim
    $200 14
Mississippi

Jim
    $300 9
(Sally: What is Uncle Sam wants you?)

I want you

SallyJohn
    $200 12
(Sally: What is a bicycle?)
(Alex: No, that's Sherman and Peabody and they travel on [*].)

the WABAC Machine

Sally
    $300 20
free

Jim
    $300 3
(Alex: [*] is right, Rajiv.)

Gandhi

John
    $300 15
Kentucky

Jim
    $400 17
a lion

Jim
    $400 24
3 times

Triple Stumper
    $400 22
make

Triple Stumper
    $400 4
the Mongols

Triple Stumper
    $400 16
"Mama-Oom-Mow-Mow"

John
    $500 21
(Alex: We've got less than a minute to go in the round.)

pre-Columbian art

Jim
    $500 25
[The end-of-round signal sounds.]

Roddy McDowall

Triple Stumper
    $500 23
a cozy

Sally
    $500 5
Vietnam

Jim
    $500 18
June 30th

John

Scores at the first commercial break (after clue 12):

Sally Jim John
-$400 $1,000 $800

Scores at the end of the Jeopardy! Round:

Sally Jim John
$300 $2,700 $1,600

Double Jeopardy! Round responses

IN THE OCEAN
ANATOMY
1955
FOOD & DRINK
THE BEATLES
LITERARY WOOD
    $200 16
Jacques Cousteau

Jim
    $200 10
your thumbs

Sally
    $200 5
the Brooklyn Dodgers

Sally
    $200 1
Coca-Cola

Sally
    $200 21
(John: Who is Ringo?)

Paul McCartney

SallyJohn
    $200 11
chop down the cherry tree

Jim
    $400 17
a manta ray

Jim
    $400 20
the jawbone (mandible)

Sally
    $400 6
Winston Churchill

John
    $400 2
(John: What is Nabisco?)
(Alex: No, sorry.)
([From offstage] More specific.)
(John: Uh, what are chocolate chip cookies?)

Oreos

SallyJohn
    $400 22
[ERRATUM: It's Tabla and not Fabla.]

George Harrison

Sally
    $400 12
Robert Frost

Jim
    $600 18
the blowhole

Triple Stumper
    $600 27
[The end-of-round signal sounds.]

the lungs

John
    $600 7
Davy Crockett

Jim
    $600 3
(Alex: Not fast enough, Sally.)

cinnamon

Triple Stumper
    $600 23
(Alex: We're down to about a minute in the round.)

kaleidoscope eyes

Triple Stumper
    $600 13
little strokes

Triple Stumper
    $800 19
spineless jellyfish

Triple Stumper
    $1,500 8
(Jim: No idea.)

the names of hurricanes

Jim
    $800 4
barley

Triple Stumper
    $800 24
the Crickets

Triple Stumper
    $800 14
"The Old Oaken Bucket"

Jim
    $1000 9
(Jim: Who is Lyndon Johnson?)
...
(Alex: He was Vice President of the United States and therefore, presiding officer of the Senate; Lyndon Johnson was majority leader at that time, I believe.)

Richard Nixon

JimJohn
    $1000 25
a frappé

Sally
    $1000 26
Sgt. Pepper's Lonely Hearts Club Band

Triple Stumper
    $1000 15
(Thomas) hardy

Triple Stumper

Scores at the end of the Double Jeopardy! Round:

Sally Jim John
$3,300 $2,800 $3,000

[wagering suggestions for these scores]

Final Jeopardy! Round responses

THE OLYMPICS
(Alex: [*] times. The Summer Olympics--1904 in St. Louis, '32 and '84 in Los Angeles; the Winter Olympics--'32 and '80 in Lake Placid, 1960 in Squaw Valley.)
JimWhat is 2?
$0
JohnWhat is two & three?
$2,999
SallyWhat is twice? 3 times
$3,299
3

Final scores:

Sally Jim John
$6,599 $2,800 $1
2-day champion: $14,998 2nd place: Marcy home exercise module + Zenith 9" color TV 3rd place: Emerson audio/video center

Game dynamics:

Coryat scores:

Sally Jim John
$3,500 $4,300 $3,000
12 R,
3 W
(including 1 DD)
15 R,
2 W
(including 1 DD)
9 R,
3 W

Combined Coryat: $10,800

[game clues] [game scores] [suggest correction]

Game tape date: 1986-09-10
The J! Archive is created by fans, for fans. Scraping, republication, monetization, and malicious use prohibited; this site may use cookies and collect identifying information. See terms. The Jeopardy! game show and all elements thereof, including but not limited to copyright and trademark thereto, are the property of Jeopardy Productions, Inc. and are protected under law. This website is not affiliated with, sponsored by, or operated by Jeopardy Productions, Inc. Join the discussion at JBoard.tv.